000 00916nam a2200205Ii 4500
003 JO-AjNU
008 230605s9999||||xx |||||||||||||| ||und||
017 _a2008/10/3515
040 _aJO-AjNU
_bara
_erda
_cJO-AjNU
041 _aara
050 1 4 _aDS154.6.H873 2009
100 3 _aاعداد وتقديم الحوراني، أحمد عبد الرحيم,
_eauthor
_942683
245 0 0 _aعشر سنوات من الإنجاز والعطاء: مجموعة خطابات ومقالات حضرة صاحب الجلالة الملك عبدالله الثاني بن الحسين المعظم 1999-2009
264 3 1 _aعمان: المؤلف، 2009
300 _a575ص
336 _atext
_btxt
_2rdacontent
337 _aunmediated
_bn
_2rdamedia
338 _avolume
_bnc
_2rdacarrier
650 4 _aتاريخ الاردن- الاردن- جلالة الملك عبدالله الثاني بن الحسين 1999-2009
_942684
999 _aA18295
_c21863
_d21863